System efficiency improvement equitization and renewable project : Resettlement action plan for rehabilitation of distribution network in Dong Phu and Thoi Thanh commune- Can Tho province (PMB/PC2-RAP)

Guardat en:
Dades bibliogràfiques
Autor corporatiu: The World Bank
Format: Llibre
Idioma:Undetermined
Publicat: Washington, D.C. The World Bank 2003
Matèries:
Etiquetes: Afegir etiqueta
Sense etiquetes, Sigues el primer a etiquetar aquest registre!
Thư viện lưu trữ: Trung tâm Học liệu Trường Đại học Cần Thơ
LEADER 00747nam a2200205Ia 4500
001 CTU_98277
008 210402s9999 xx 000 0 und d
082 |a 363.6 
082 |b W927 
110 |a The World Bank 
245 0 |a System efficiency improvement equitization and renewable project : 
245 0 |b Resettlement action plan for rehabilitation of distribution network in Dong Phu and Thoi Thanh commune- Can Tho province (PMB/PC2-RAP) 
245 4 |c The World Bank 
260 |a Washington, D.C. 
260 |b The World Bank 
260 |c 2003 
650 |a The World Bank,Economic development projects 
650 |x Economic assistance,Developing countries 
904 |i Minh 
980 |a Trung tâm Học liệu Trường Đại học Cần Thơ